مكتبة جامعة عجلون الوطنية

فهرس بحث المكتبة

Normal view MARC view
  • سامح، كمال الدين تأليف

Entry Personal Name

Number of records used in: 1

001 - CONTROL NUMBER

  • control field: 34859

003 - CONTROL NUMBER IDENTIFIER

  • control field: JO-AjAnu

005 - DATE AND TIME OF LATEST TRANSACTION

  • control field: 20230606075832.0

008 - FIXED-LENGTH DATA ELEMENTS

  • fixed length control field: 230606|| aca||aabn | a|a d

040 ## - CATALOGING SOURCE

  • Original cataloging agency: JO-AjAnu
  • Transcribing agency: JO-AjAnu

100 ## - HEADING--PERSONAL NAME

  • Personal name: سامح، كمال الدين تأليف

670 ## - SOURCE DATA FOUND

  • Source citation: Work cat.: (JO-AjAnu)17902: سامح، كمال الدين تأليف, author, العمارة في صدر الاسلام